Michelle Trachtenberg Filmography - Statistics

General Stats
  • This quiz has been taken 4 times
  • The average score is 62 of 90
Answer Stats
Type Year Name % Correct
Film 2009 17 Again
100%
TV Film 2000 A Father's Choice
100%
Film 2009 Against the Current
100%
TV Show 1994 All My Children
100%
Film 2006 Beautiful Ohio
100%
Film 2006 Black Christmas
100%
TV Show 1998 Blue's Clues
100%
TV Show 2000-2003 Buffy the Vampire Slayer
100%
Film 1999 Can't Be Heaven
100%
TV Show 2021 Celebrity Wheel of Fortune
100%
TV Show 2016 Chopped Junior
100%
TV Show 1993 Clarissa Explains It All
100%
Film 2010 Cop Out
100%
TV Show 2013 Criminal Minds
100%
Film 2008 Dragonlance: Dragons of Autumn Twilight
100%
Music Video 2004 Echo
100%
Film 2004 EuroTrip
100%
TV Show 1998-1999 Figure It Out
100%
TV Show 2008-2012 Gossip Girl
100%
Web Series 2022, 2023 Gossip Girl
100%
Web Series 2015 Guidance
100%
TV Show 1998 Guys Like Us
100%
Film 1996 Harriet the Spy
100%
Web Series 2023 Harriet the Spy
100%
TV Show 2014, 2015 Hollywood Game Night
100%
TV Show 2006 House
100%
Web Series 2018 Human Kind Of
100%
Film 2005 Ice Princess
100%
Film 1999 Inspector Gadget
100%
TV Film 2013 Killing Kennedy
100%
TV Show 1991 Law & Order
100%
TV Show 2006 Law & Order: Criminal Intent
100%
TV Show 2011 Love Bites
100%
TV Show 1997 Meego
100%
Documentary Series 2021 Meet, Marry, Murder
100%
TV Show 2009-2010 Mercy
100%
Film 2004 Mysterious Skin
100%
TV Show 2013 NCIS: Los Angeles
100%
TV Show 1998 Reading Rainbow
100%
Film 1998 Richie Rich's Christmas Wish
100%
TV Show 2006-2018 Robot Chicken
100%
Film 2013 Sexy Evil Genius
100%
TV Film 2016 Sister Cities
100%
TV Show 2004 Six Feet Under
100%
TV Show 2015 Sleepy Hollow
100%
TV Show 1996 Space Cases
100%
Documentary 2024 Spyral
100%
Film 2011 Take Me Home Tonight
100%
TV Show 1994-1996 The Adventures of Pete & Pete
100%
TV Film 2008 The Circuit
100%
Film 2014 The Scribbler
100%
Music Video 2005 Tired of Being Sorry
100%
Documentary Series 2001-2003 Truth or Scare
100%
TV Show 2011 Weeds
100%
TV Film 1996 A Holiday for Love
50%
TV Film 1999 Bonne Nuit
50%
TV Show 1996 Dave's World
50%
Short Film 2010 DC Showcase: Jonah Hex
50%
Commercial 2008 Kohl's
50%
TV Show 2016 Last Week Tonight with John Oliver
50%
TV Pilot 2014 Save the Date
50%
Film 1995 Secret Sins
50%
Short Film 2010 Superman/Shazam!: The Return of Black Adam
50%
Web Series 2015 SuperMansion
50%
TV Film 2015 The Christmas Gift
50%
TV Film 2005 The Dive from Clausen's Pier
50%
TV Show 2009 The Super Hero Squad Show
50%
Music Video 2007 This Ain't a Scene, It's an Arms Race
50%
Film 2023 Unicorn Boy
50%
Documentary Series 2003, 2005 Biography
0%
Short Film 1998 Blue's Birthday
0%
Short Documentary 2004 Buffy Wraps
0%
Commercial 1991 Burger King
0%
Theater 2005 Dog Sees God: Confessions of a Teenage Blockhead
0%
Documentary Series 2006 E! True Hollywood Story
0%
Documentary 2012 Gossip Girl: XO XO
0%
Short Film 1996 Harriet the Spy: How to Be a Spy Tip - Gloves
0%
Music Video 2006 Lying Is the Most Fun a Girl Can Have Without Taking Her Clothes Off
0%
TV Show 2000, 2001 MADtv
0%
TV Show 2009 NYC Prep
0%
Theater 2005 On the Razzle
0%
TV Show 2006 Punk'd
0%
Short Film 2012 Rick Santorum Aborts Presidential Campaign
0%
Theater 2007 Spalding Gray: Stories Left to Tell
0%
Documentary 2010 Teenage Paparazzo
0%
TV Show 2010 The City
0%
TV Pilot 2007 The Hill
0%
TV Show 2008 The Hills
0%
Theater 2008-2009 The Winter's Tale
0%
TV Show 2005 Total Request Live
0%
No matching quizzes found
Score Distribution
Percent of People with Each Score
Percentile by Number Answered
Your Score History
You have not taken this quiz